000 01329nam a22003137a 4500
003 DO-SdBNP
005 20210507100316.0
008 210224b2019 dr 00| 0 spa d
020 _a9789945908855
040 _aBPMSU
_bspa
_cBPMSU
082 _a778.53
_bB422O
_222
100 1 _aBeiro Álvarez ,Luis
_d1950 -
245 1 _aOscar Torres :
_bel cine con mirada universal /
_cLuis Beiro Álvarez ; editor, Andrés Blanco Díaz ; prologo Tony Raful
260 _aSanto Domingo :
_bArchivo General de la Nación,
_c2019
300 _a322 p.:
_bil. ,
_c23 cm.
490 0 _aArchivo General de la Nación ;
_v355
500 _aIncluye datos bibliográfico del autor en las solapas
500 _aIncluye referencias bibliográficas y notas al pie de las páginas
505 0 _a Agradecimientos -- Introducción -- El revolucionario y el artista -- Entrevistas -- Artículos de Oscar Torres -- Críticas y reportes de prensa -- Testimonios gráficos.
590 _aInventariado, 2021/VM
600 1 _aTorres, Oscar
_d1950-
_xCrítica e interpretación .
650 4 _aCine
_zRepública Dominicana |
650 4 _aIndustria cinematográfica
_zCuba
700 1 _aBlanco Diaz, Andrés
_eed.
700 1 _aRaful Tony
_epról.
830 0 _aArchivo General de la Nación;
_v355
910 _aMCabrera /VMateo
942 _2ddc
_cBK
999 _c13380
_d13380